|
|
|
|
| LEADER |
00775cam a2200217 7i4500 |
| 001 |
0000015084 |
| 005 |
20050302090000.0 |
| 022 |
0 |
0 |
|a 1554-6334
|
| 090 |
0 |
0 |
|a USA 338.13025
|b THO
|
| 245 |
0 |
0 |
|a Thomas food & beverage market place.
|
| 250 |
0 |
0 |
|a 4th ed.
|
| 260 |
0 |
0 |
|a New York:
|b Grey House Publishing,
|c 2004.
|
| 300 |
# |
# |
|a [v.p].
|
| 500 |
0 |
0 |
|a Library has volume 1-3
|
| 650 |
0 |
0 |
|a Food industry and trade --
|x Directories --
|z United States
|
| 650 |
0 |
0 |
|a Food industry and trade --
|x Directories --
|z Canada
|
| 650 |
0 |
0 |
|a Beverage industry and trade --
|x Directories --
|z United States
|
| 650 |
0 |
0 |
|a Beverage industry and trade --
|x Directories --
|z Canada
|
| 651 |
0 |
0 |
|a Canada
|
| 651 |
0 |
0 |
|a United States
|
| 999 |
|
|
|a PNG000134B
|b Directories
|c Countries
|e Business Information Centre
|